| 000 | 00464nam a2200181Ia 4500 | ||
|---|---|---|---|
| 008 | 230524s9999 xx 000 0 und d | ||
| 020 | _a8178001160 | ||
| 082 |
_a530 _bAGA |
||
| 100 | _aC.V.Agarwal | ||
| 245 | 0 | _a"Chemistry of Engineering Materials, " | |
| 250 | _a9TH | ||
| 260 |
_aHYDERABAD _bBSP _c2008 |
||
| 300 | _aVIII;564 | ||
| 500 | _aQuantity Number: 50 | ||
| 650 | _aChemistry | ||
| 700 | _a" C.Parameswara Murthy , Andra Naidu,,," | ||
| 942 | _cBK | ||
| 999 |
_c44913 _d44913 |
||